Statistics for Countries That Do Not Border #1

Click here to take the quiz!

General Stats

  • This quiz has been taken 190 times
    (187 since last reset)
  • The average score is 73 of 88

Answers on the Map

Answers color-coded by a green-red scale on the quiz's map according to % correct below.
Loading ...
 

Answer Stats

Country% Correct
United States
97%
Canada
96%
Mexico
94%
South Africa
93%
United Kingdom
93%
Panama
92%
Spain
91%
Guatemala
91%
Morocco
90%
Indonesia
89%
Costa Rica
89%
Chile
89%
Nicaragua
89%
Lesotho
89%
Algeria
89%
Vatican City
89%
Guinea
88%
Ireland
88%
Sweden
88%
Ghana
88%
Libya
88%
Portugal
87%
Honduras
87%
San Marino
87%
Italy
87%
Egypt
87%
Eswatini
87%
Sudan
86%
Chad
86%
Niger
86%
Belize
86%
Slovakia
86%
Mauritania
85%
Mali
85%
Slovenia
85%
Guinea-Bissau
85%
Gambia
85%
Ethiopia
85%
Namibia
85%
Tunisia
85%
Nigeria
85%
Andorra
85%
El Salvador
85%
Senegal
84%
Monaco
84%
Serbia
84%
Malaysia
84%
Romania
84%
Hungary
84%
Eritrea
84%
Croatia
84%
Ivory Coast
84%
Togo
84%
Benin
84%
Kenya
83%
Somalia
83%
Kosovo
82%
Djibouti
82%
Bosnia and
Herzegovina
82%
Albania
82%
Burkina Faso
81%
Sierra Leone
80%
Equatorial Guinea
80%
Montenegro
80%
Zimbabwe
79%
Botswana
79%
Brunei
79%
Cambodia
79%
Liberia
78%
Mozambique
78%
Cameroon
78%
Ecuador
78%
Dominican Republic
77%
Haiti
77%
Liechtenstein
77%
Turkmenistan
76%
Papua New Guinea
76%
East Timor
75%
Moldova
75%
Malawi
74%
Israel
73%
Uzbekistan
72%
South Korea
70%
North Macedonia
70%
Gabon
69%
Bangladesh
69%
Lebanon
67%
Thailand
66%

Score Distribution

Percentile by Number Answered

Percent of People with Each Score

Your Score History

You have not taken this quiz since the last reset